Educational research : quantitative, qualitative, and mixed approaches /

Bibliographic Details
Main Authors: Johnson, Burke (Author), Christensen, Larry B., 1941- (Author)
Format: Book
Language:English
Published: Thousand Oaks, California : SAGE Publications, Inc., [2017]
Edition:Sixth edition.
Subjects:

MARC

Tag First Indicator Second Indicator Subfields
LEADER 00000cam a22000008i 4500
001 in00003710102
005 20190813120900.0
008 160512s2017 caua b 001 0 eng
010 |a  2016013693 
019 |a 963365063 
020 |a 9781483391601  |q (hardcover ;  |q alk. paper) 
020 |a 1483391604  |q (hardcover ;  |q alk. paper) 
024 8 |a 99970010873 
035 |a (OCoLC)ocn950202240 
035 |a (OCoLC)950202240 
040 |a DLC  |b eng  |e rda  |c DLC  |d OCLCO  |d OCLCF  |d OCLCQ  |d YDX  |d LTSCA  |d UV0  |d UtOrBLW 
042 |a pcc 
049 |a TXAM 
050 0 0 |a LB1028  |b .J59 2017 
082 0 0 |a 370.72  |2 23 
100 1 |a Johnson, Burke,  |e author.  |0 http://id.loc.gov/authorities/names/n99043991 
245 1 0 |a Educational research :  |b quantitative, qualitative, and mixed approaches /  |c R. Burke Johnson, University of South Alabama, Larry Christensen, University of South Alabama. 
250 |a Sixth edition. 
263 |a 1610 
264 1 |a Thousand Oaks, California :  |b SAGE Publications, Inc.,  |c [2017] 
300 |a xxix, 709 pages :  |b illustrations ;  |c 26 cm 
336 |a text  |b txt  |2 rdacontent 
337 |a unmediated  |b n  |2 rdamedia 
338 |a volume  |b nc  |2 rdacarrier 
504 |a Includes bibliographical references and index. 
505 0 |a Part I: Introduction -- 1. Introduction to Educational Research -- 2. Quantitative, Qualitative, and Mixed Research -- 3. Action Research for Lifelong Learning -- Part II: Planning the Research Study -- 4. How to Review the Literature and Develop Research Questions -- 5. How to Write a Research Proposal -- 6. Research Ethics -- Part III: Foundations of Research -- 7. Standardized Measurement and Assessment -- 8. How to Construct a Questionnaire -- 9. Methods of Data Collection -- 10. Sampling in Quantitative, Qualitative, and Mixed Research -- 11. Validity of Research Results in Quantitative, Qualitative, and Mixed Research -- Part IV: Selecting a Research Method -- Section A: Quantitative Research Methods: Five Major Approaches -- 12. Experimental Research: Weak and Strong Designs -- 13. Experimental research: Quasi and Single-Case Designs -- 14. Nonexperimental Quantitative Research -- Section B: Qualitative Research Methods: Five Major Approaches -- 15. Narrative inquiry and case study research / D. Jean Clandinin and R. Burke Johnson -- 16. Phenomenology, Ethnography, and Grounded Theory -- Section C: Mixed Methods Research: Many Possibilities -- 17. Mixed Research -- Part V: Analyzing the Data -- 18. Descriptive Statistics -- 19. Inferential Statistics -- 20. Data Analysis in Qualitative and Mixed Research -- Part VI: Writing the Research Report -- 21. How to Prepare a Research Report and Use APA Style Guidelines -- Appendix: Citations for Journal Articles Noted in the Margins. 
650 0 |a Education  |x Research.  |0 http://id.loc.gov/authorities/subjects/sh85041016 
650 7 |a Education  |x Research.  |2 fast  |0 (OCoLC)fst00902743 
700 1 |a Christensen, Larry B.,  |d 1941-  |e author.  |0 http://id.loc.gov/authorities/names/n79126266 
945 |b 924660 
947 |a A14850013153 
994 |a 92  |b TXA 
948 |a cataloged  |b h  |c 2019/8/13  |d c  |e jlanham  |f 12:08:59 pm 
999 f f |s e03f19a0-662e-3ca2-b2cc-2bc4435fc6c9  |i 31a8cfe1-0e58-3879-b914-92e86624a2cc  |t 0 
952 f f |p normal  |a Texas A&M University  |b College Station  |c Sterling C. Evans Library  |d Evans: Library Stacks  |t 0  |e LB1028 .J59 2017  |h Library of Congress classification  |i unmediated -- volume  |m A14850952442 
998 f f |a LB1028 .J59 2017  |t 0  |l Evans: Library Stacks